[Event "4. Torneo de Promoción de Almansa A"]
[Site "Almansa ESP"]
[Date "2009.08.10"]
[Round "1.1"]
[White "Garcia Ramos, Marcos"]
[Black "Longa Yauca, Javier"]
[Result "0-1"]
[WhiteElo "2068"]
[BlackElo "2293"]
[PlyCount "72"]
[EventDate "2009.08.10"]
[EventType "swiss"]
[EventRounds "9"]
[EventCountry "ESP"]
[Source "lmi"]
[SourceDate "2009.08.10"]

1. e4 Nf6 2. e5 Nd5 3. d4 d6 4. c4 Nb6 5. exd6 cxd6 6. Nc3 g6 7. Be3 Bg7 8. Rc1
O-O 9. b3 e5 10. Be2 Nc6 11. Nf3 Bg4 12. dxe5 dxe5 13. O-O Re8 14. c5 Nd7 15.
Nb5 e4 16. Ng5 Bxe2 17. Qxe2 h6 18. Nh3 g5 19. Rfd1 Re7 20. Nd6 Qc7 21. b4 a6
22. a4 Re6 23. b5 axb5 24. axb5 Ne7 25. Nxb7 Qxb7 26. Qc4 Ne5 27. c6 N7xc6 28.
bxc6 Rxc6 29. Qe2 Rxc1 30. Rxc1 Nd3 31. Rd1 Qb3 32. g3 Qe6 33. Qh5 Ne5 34. Kg2
Ng4 35. Re1 Ra2 36. Kg1 Nf6 0-1

[Event "4. Torneo de Promoción de Almansa A"]
[Site "Almansa ESP"]
[Date "2009.08.10"]
[Round "1.2"]
[White "Chueca Forcen, Alberto"]
[Black "Aranaz Murillo, Amalia"]
[Result "1-0"]
[WhiteElo "2288"]
[BlackElo "2061"]
[PlyCount "57"]
[EventDate "2009.08.10"]
[EventType "swiss"]
[EventRounds "9"]
[EventCountry "ESP"]
[Source "lmi"]
[SourceDate "2009.08.10"]

1. d4 d5 2. c4 c6 3. Nf3 Nf6 4. Nc3 a6 5. cxd5 cxd5 6. Bg5 e6 7. e3 Be7 8. Bd3
O-O 9. Qc2 h6 10. Bh4 b5 11. O-O Nbd7 12. Ne5 Bb7 13. f4 Rc8 14. Qe2 Ne4 15.
Bxe7 Qxe7 16. Rac1 Nxc3 17. bxc3 Nxe5 18. fxe5 f6 19. exf6 Rxf6 20. Rxf6 Qxf6
21. Rf1 Qe7 22. Qg4 Rf8 23. Rxf8+ Kxf8 24. Qf4+ Ke8 25. Qb8+ Kf7 26. Bh7 Bc6
27. Bg8+ Kg6 28. Qg3+ Kf6 29. Qh4+ 1-0

[Event "4. Torneo de Promoción de Almansa A"]
[Site "Almansa ESP"]
[Date "2009.08.10"]
[Round "1.3"]
[White "Sanchez Carrasco, Francisco Javier"]
[Black "Lasinskas, Povilas"]
[Result "1-0"]
[WhiteElo "2059"]
[BlackElo "2268"]
[PlyCount "99"]
[EventDate "2009.08.10"]
[EventType "swiss"]
[EventRounds "9"]
[EventCountry "ESP"]
[Source "lmi"]
[SourceDate "2009.08.10"]

1. c4 Nf6 2. g3 e6 3. Bg2 c5 4. Nf3 d6 5. O-O Be7 6. d4 Nbd7 7. Nc3 a6 8. h3
O-O 9. Be3 Rb8 10. dxc5 Nxc5 11. Bxc5 dxc5 12. Qxd8 Rxd8 13. a4 Bd7 14. Ne5 Be8
15. Rfd1 Bd6 16. Nd3 Rdc8 17. a5 Kf8 18. e4 Be7 19. f4 b5 20. axb6 Rxb6 21. Kf2
Nd7 22. e5 f5 23. Ra5 Nb8 24. Na4 Bxa4 25. Rxa4 Rd8 26. Ke2 Rd4 27. Rda1 Rb3
28. Rd1 Kf7 29. Rd2 h6 30. Bf3 g6 31. Ke3 g5 32. Ra3 Rxa3 33. bxa3 Rxc4 34. Rb2
Nd7 35. Rb7 Rd4 36. Bc6 Nf8 37. Bf3 Rd7 38. Nb2 gxf4+ 39. gxf4 Rxb7 40. Bxb7
Ng6 41. Bxa6 Bh4 42. Nd3 Bg3 43. Bc4 Bh2 44. a4 Ne7 45. a5 Nd5+ 46. Bxd5 exd5
47. a6 Bg1+ 48. Nf2 d4+ 49. Kf3 d3 50. a7 1-0

[Event "4. Torneo de Promoción de Almansa A"]
[Site "Almansa ESP"]
[Date "2009.08.10"]
[Round "1.4"]
[White "Bravo Barranco, Narciso"]
[Black "Cabello Rodriguez, Sandro"]
[Result "1-0"]
[WhiteElo "2263"]
[BlackElo "2059"]
[PlyCount "97"]
[EventDate "2009.08.10"]
[EventType "swiss"]
[EventRounds "9"]
[EventCountry "ESP"]
[Source "lmi"]
[SourceDate "2009.08.10"]

1. e4 e6 2. d4 d5 3. Nd2 a6 4. Bd3 c5 5. exd5 exd5 6. Ngf3 Nc6 7. O-O cxd4 8.
Re1+ Be7 9. h3 Nf6 10. Nb3 O-O 11. Nbxd4 Re8 12. Bg5 Nxd4 13. Nxd4 h6 14. Bh4
Ne4 15. Bxe7 Rxe7 16. Bxe4 Rxe4 17. Qd3 Qe7 18. Qd2 Bd7 19. f3 Rxe1+ 20. Rxe1
Qc5 21. c3 Re8 22. Rxe8+ Bxe8 23. Qe3 Bc6 24. Qe5 Qb6 25. Kh2 Qd8 26. f4 Qe8
27. Kg3 Kf8 28. Kf3 Qxe5 29. fxe5 Bd7 30. Ke3 Ke7 31. Kf4 g5+ 32. Ke3 f6 33.
Nf3 fxe5 34. Nxe5 Bf5 35. Kd4 Be4 36. g3 Ke6 37. Ng4 h5 38. Ne3 h4 39. gxh4
gxh4 40. c4 Bb1 41. cxd5+ Kf6 42. a3 Bg6 43. Ng2 Kg5 44. Ke5 Be8 45. Nf4 Bb5
46. d6 Bd7 47. b4 b6 48. Ne6+ Kh6 49. Ke4 1-0

[Event "4. Torneo de Promoción de Almansa A"]
[Site "Almansa ESP"]
[Date "2009.08.10"]
[Round "1.5"]
[White "Orosa Martinez, Victor"]
[Black "Vlashki, Nino"]
[Result "0-1"]
[WhiteElo "2054"]
[BlackElo "2262"]
[PlyCount "58"]
[EventDate "2009.08.10"]
[EventType "swiss"]
[EventRounds "9"]
[EventCountry "ESP"]
[Source "lmi"]
[SourceDate "2009.08.10"]

1. e4 e5 2. Nf3 Nc6 3. Bb5 a6 4. Ba4 Nf6 5. Qe2 b5 6. Bb3 Bc5 7. d3 d6 8. c3 h6
9. O-O O-O 10. Be3 Qe7 11. Nbd2 Bd7 12. Rfe1 Bxe3 13. fxe3 Na5 14. d4 Nxb3 15.
axb3 a5 16. Qf2 a4 17. bxa4 bxa4 18. Nh4 Rab8 19. Nf5 Bxf5 20. Qxf5 g6 21. Qf1
Rxb2 22. Qd3 Ra8 23. Nc4 Rbb8 24. Re2 Qe6 25. Nb2 a3 26. Nc4 Nxe4 27. d5 Qg4
28. h3 Qh4 29. Rxa3 Nc5 0-1

[Event "4. Torneo de Promoción de Almansa A"]
[Site "Almansa ESP"]
[Date "2009.08.10"]
[Round "1.6"]
[White "Nava Pereda, Carlos"]
[Black "Vazquez Gonzalez, Jesus"]
[Result "0-1"]
[WhiteElo "2258"]
[BlackElo "2049"]
[PlyCount "92"]
[EventDate "2009.08.10"]
[EventType "swiss"]
[EventRounds "9"]
[EventCountry "ESP"]
[Source "lmi"]
[SourceDate "2009.08.10"]

1. Nf3 g6 2. d4 Bg7 3. e4 c5 4. c4 cxd4 5. Nxd4 Nc6 6. Nc2 Nf6 7. Nc3 d6 8. Be2
Be6 9. O-O Rc8 10. Rb1 h5 11. b3 h4 12. h3 Qd7 13. Bb2 Nh5 14. Nd5 Be5 15. Nce3
Rh7 16. Ng4 Bxb2 17. Rxb2 f5 18. exf5 gxf5 19. Nh2 Ng7 20. Nf3 Bg8 21. Ng5 Rh6
22. Re1 e5 23. f4 e4 24. Rd2 Bxd5 25. Rxd5 Ne7 26. Rd2 Kf8 27. Qa1 Ne6 28.
Nxe6+ Qxe6 29. Red1 Rd8 30. Qd4 b6 31. Qe3 Rg6 32. Qc3 Rg7 33. Bf1 Qh6 34. Qb4
Rg6 35. Rf2 Rg3 36. Qa4 e3 37. Re2 Ng6 38. Qxa7 Nxf4 39. Qxb6 Nxe2+ 40. Bxe2
Qg5 41. Qc6 d5 42. Qc5+ Kg8 43. Kh1 Rxg2 44. Bf3 Rh2+ 45. Kxh2 Qg3+ 46. Kh1
Qxf3+ 0-1

[Event "4. Torneo de Promoción de Almansa A"]
[Site "Almansa ESP"]
[Date "2009.08.11"]
[Round "2.1"]
[White "Longa Yauca, Javier"]
[Black "Garcia Gata, Jorge David"]
[Result "1-0"]
[WhiteElo "2293"]
[BlackElo "2149"]
[PlyCount "70"]
[EventDate "2009.08.10"]
[EventType "swiss"]
[EventRounds "9"]
[EventCountry "ESP"]
[Source "lmi"]
[SourceDate "2009.08.10"]

1. d4 Nf6 2. c4 c5 3. d5 b5 4. Qc2 Na6 5. a3 d6 6. e4 b4 7. Nf3 g6 8. e5 Ng4 9.
e6 Qa5 10. exf7+ Kxf7 11. Bd2 Bg7 12. Ng5+ Ke8 13. h3 Ne5 14. f4 Bf5 15. Qb3
Nf7 16. Ne6 Bf6 17. Be2 Nd8 18. Ng5 Rb8 19. O-O h6 20. Nf3 Kf7 21. g4 Bd7 22.
Ne5+ dxe5 23. fxe5 Qc7 24. d6 Qb7 25. dxe7 Kxe7 26. Bf3 Bc6 27. exf6+ Kf7 28.
Bd5+ Bxd5 29. cxd5 bxa3 30. Qxa3 Nb4 31. Bxb4 cxb4 32. Qxa7 Re8 33. Nd2 Re2 34.
Nc4 Kf8 35. Qc5+ Kg8 1-0

[Event "4. Torneo de Promoción de Almansa A"]
[Site "Almansa ESP"]
[Date "2009.08.11"]
[Round "2.2"]
[White "Perez Lopez, Juan Antonio"]
[Black "Chueca Forcen, Alberto"]
[Result "0-1"]
[WhiteElo "2144"]
[BlackElo "2288"]
[PlyCount "96"]
[EventDate "2009.08.10"]
[EventType "swiss"]
[EventRounds "9"]
[EventCountry "ESP"]
[Source "lmi"]
[SourceDate "2009.08.10"]

1. e4 Nf6 2. e5 Nd5 3. d4 d6 4. c4 Nb6 5. f4 dxe5 6. fxe5 Nc6 7. Be3 Bf5 8. Nf3
e6 9. Bd3 Bg4 10. Be2 Qd7 11. Nbd2 Rd8 12. O-O Be7 13. Nb3 O-O 14. Qe1 Nb4 15.
Bg5 Bxf3 16. Bxe7 Qxe7 17. Rxf3 Nc2 18. Qb1 Nxa1 19. Bd3 h6 20. Qxa1 f5 21. Qe1
c5 22. Qa5 cxd4 23. Qxa7 Qc7 24. c5 Nd5 25. c6 bxc6 26. Qxd4 Qb6 27. Qxb6 Nxb6
28. Nc5 Kf7 29. a4 Rd4 30. b3 Nd7 31. Nxd7 Rxd7 32. Bc4 Ke7 33. Rc3 Rd1+ 34.
Kf2 Rfd8 35. a5 Ra1 36. a6 Rd2+ 37. Kf3 g5 38. h3 h5 39. g3 Rh2 40. Rd3 h4 41.
Rd6 Rxh3 42. Rxe6+ Kd7 43. Rf6 Rxg3+ 44. Kf2 Ra2+ 45. Be2 Rxb3 46. a7 Rbb2 47.
Rf8 Rxe2+ 48. Kf1 Rec2 0-1

[Event "4. Torneo de Promoción de Almansa A"]
[Site "Almansa ESP"]
[Date "2009.08.11"]
[Round "2.3"]
[White "Martinez Piqueras, Carlos Gustavo"]
[Black "Bravo Barranco, Narciso"]
[Result "1/2-1/2"]
[WhiteElo "2125"]
[BlackElo "2263"]
[PlyCount "48"]
[EventDate "2009.08.10"]
[EventType "swiss"]
[EventRounds "9"]
[EventCountry "ESP"]
[Source "lmi"]
[SourceDate "2009.08.10"]

1. d4 d5 2. c4 c6 3. Nf3 Nf6 4. Nc3 dxc4 5. a4 Bg4 6. Ne5 Bh5 7. f3 Nfd7 8.
Nxc4 e5 9. e4 exd4 10. Qxd4 Qh4+ 11. Qf2 Qxf2+ 12. Kxf2 Na6 13. Bf4 Bc5+ 14.
Be3 Ke7 15. Be2 Nb4 16. Rac1 Rhd8 17. Rhd1 Bxe3+ 18. Nxe3 Bg6 19. Rd4 a5 20.
Rcd1 Nc5 21. Rxd8 Rxd8 22. Rxd8 Kxd8 23. Nc4 Kc7 24. g4 f6 1/2-1/2

[Event "4. Torneo de Promoción de Almansa A"]
[Site "Almansa ESP"]
[Date "2009.08.11"]
[Round "2.4"]
[White "Vlashki, Nino"]
[Black "Garcia Munoz, Raul"]
[Result "0-1"]
[WhiteElo "2262"]
[BlackElo "2110"]
[PlyCount "102"]
[EventDate "2009.08.10"]
[EventType "swiss"]
[EventRounds "9"]
[EventCountry "ESP"]
[Source "lmi"]
[SourceDate "2009.08.10"]

1. e4 e5 2. Nf3 Nc6 3. Bb5 a6 4. Ba4 Nf6 5. O-O Be7 6. Re1 b5 7. Bb3 d6 8. c3
O-O 9. h3 Na5 10. Bc2 c5 11. d4 Qc7 12. Nbd2 Rd8 13. b3 cxd4 14. cxd4 exd4 15.
Bb2 Nc6 16. Nxd4 Nxd4 17. Bxd4 Be6 18. a4 d5 19. e5 Ne4 20. Nf3 b4 21. Bd3 a5
22. Rc1 Qb7 23. Qe2 Nc3 24. Qe3 h6 25. Rc2 Rac8 26. Rec1 Ne4 27. Bb6 Rxc2 28.
Rxc2 Rc8 29. Rxc8+ Qxc8 30. Nd4 Bc5 31. Bxc5 Qxc5 32. Bxe4 dxe4 33. Qxe4 Bd5
34. Qg4 Qc3 35. Qd1 g6 36. f3 Qe3+ 37. Kh1 Qxe5 38. Qd2 Qg5 39. Qxg5 hxg5 40.
Kh2 Kg7 41. g3 Kf6 42. f4 gxf4 43. gxf4 Kg7 44. Kg3 f6 45. Kg4 Kh6 46. Kh4 g5+
47. Kg4 Kg6 48. Kg3 Kh5 49. f5 Be4 50. Nb5 Bxf5 51. Nd6 Bc2 0-1

[Event "4. Torneo de Promoción de Almansa A"]
[Site "Almansa ESP"]
[Date "2009.08.11"]
[Round "2.5"]
[White "Garriga Sole, Jordi"]
[Black "O`Neill Y Daneiko, Jose Antonio"]
[Result "0-1"]
[WhiteElo "2246"]
[BlackElo "2071"]
[PlyCount "92"]
[EventDate "2009.08.10"]
[EventType "swiss"]
[EventRounds "9"]
[EventCountry "ESP"]
[Source "lmi"]
[SourceDate "2009.08.10"]

1. c4 e5 2. Nc3 Nf6 3. Nf3 Nc6 4. g3 Bb4 5. Bg2 O-O 6. O-O e4 7. Ne1 Re8 8. f3
Bxc3 9. bxc3 d6 10. d3 exd3 11. exd3 b6 12. Nc2 h6 13. Rf2 Bb7 14. Qf1 Qe7 15.
Bd2 Ne5 16. Re1 Qf8 17. Nd4 a6 18. Nf5 Ng6 19. Rfe2 Rxe2 20. Rxe2 Re8 21. Qe1
Ne5 22. Qf1 Ng6 23. g4 Rxe2 24. Qxe2 Qe8 25. Qxe8+ Nxe8 26. Kf2 Kf8 27. Bf1 Nf6
28. Be2 Nd7 29. h4 Ne7 30. Ng3 f6 31. Be3 Ng6 32. h5 Ne7 33. d4 Nc6 34. Bd3 Ne7
35. Ne2 Kf7 36. Nf4 Nf8 37. Bc2 Ne6 38. Nd3 Ng5 39. c5 bxc5 40. dxc5 Nxf3 41.
Bb3+ Kf8 42. Nf4 Ng5 43. cxd6 cxd6 44. Bc1 Bc8 45. Ba3 Bxg4 46. Bxd6 Ne4+ 0-1

[Event "4. Torneo de Promoción de Almansa A"]
[Site "Almansa ESP"]
[Date "2009.08.11"]
[Round "2.6"]
[White "Martin Rodriguez, Emilio"]
[Black "Jimenez Martinez, Jose Vicente"]
[Result "1/2-1/2"]
[WhiteElo "2079"]
[BlackElo "2235"]
[PlyCount "128"]
[EventDate "2009.08.10"]
[EventType "swiss"]
[EventRounds "9"]
[EventCountry "ESP"]
[Source "lmi"]
[SourceDate "2009.08.10"]

1. d4 g6 2. c4 Bg7 3. e4 d6 4. Nc3 Nf6 5. f4 O-O 6. Nf3 c5 7. Be2 cxd4 8. Nxd4
Nc6 9. Be3 Bd7 10. O-O Rc8 11. Rc1 a6 12. Nb3 Na5 13. e5 dxe5 14. fxe5 Nxb3 15.
axb3 Ne8 16. Bd4 Nc7 17. Nd5 Ne6 18. Bc3 Bc6 19. Bg4 Bxd5 20. cxd5 Qb6+ 21. Kh1
Rcd8 22. Qd2 Qxb3 23. Rcd1 Nc5 24. Bf3 Na4 25. Bd4 Nb6 26. Bxb6 Qxb6 27. Qe2
Bh6 28. Rd3 Qb5 29. Rfd1 Bg7 30. b3 Qb4 31. g3 b5 32. d6 exd6 33. Rxd6 Rde8 34.
e6 fxe6 35. Rxe6 Rxe6 36. Qxe6+ Kh8 37. Bd5 Qc5 38. Qxa6 Qc2 39. Rg1 Bd4 40.
Qd6 Qf2 41. Rd1 Re8 42. h4 Re2 43. Qd8+ Kg7 44. Qc7+ Kh6 45. Qf4+ Qxf4 46. gxf4
Be3 47. h5 Bxf4 48. hxg6 hxg6 49. Bc6 b4 50. Rd4 Bd2 51. Re4 Rf2 52. Re6 Kg7
53. Be4 g5 54. Bd3 Rf3 55. Bc4 g4 56. Kg2 Rc3 57. Re4 g3 58. Rg4+ Kf6 59. Rxg3
Rc2 60. Rg8 Ke5 61. Kf3 Kd4 62. Rc8 Rc3+ 63. Ke2 Bg5 64. Rg8 Rc2+ 1/2-1/2

[Event "4. Torneo de Promoción de Almansa A"]
[Site "Almansa ESP"]
[Date "2009.08.11"]
[Round "3.1"]
[White "Sanchez Jerez, Emilio Miguel"]
[Black "Longa Yauca, Javier"]
[Result "0-1"]
[WhiteElo "2212"]
[BlackElo "2293"]
[PlyCount "96"]
[EventDate "2009.08.10"]
[EventType "swiss"]
[EventRounds "9"]
[EventCountry "ESP"]
[Source "lmi"]
[SourceDate "2009.08.10"]

1. e4 e6 2. d4 d5 3. Nc3 Nf6 4. e5 Nfd7 5. f4 c5 6. Nf3 Nc6 7. Be3 Be7 8. Qd2
cxd4 9. Nxd4 O-O 10. O-O-O Nb6 11. Qf2 Bd7 12. g4 f6 13. Qg3 fxe5 14. fxe5 Bh4
15. Nxc6 bxc6 16. Qh3 Bg5 17. Bd3 h6 18. Kb1 Qe7 19. Qh5 Be8 20. Bxg5 Qxg5 21.
Qxg5 hxg5 22. h4 gxh4 23. Rxh4 Nd7 24. Re1 Rf2 25. b3 Rb8 26. g5 Rg2 27. Rf1 g6
28. Rfh1 Nf8 29. Ne2 Rxg5 30. Nf4 Bf7 31. Re1 Kg7 32. Nh3 Rg3 33. Nf2 Rg2 34.
Rf1 g5 35. Ra4 Rb7 36. Ng4 Ng6 37. Rh1 c5 38. Ba6 Rb4 39. Rxb4 cxb4 40. Ne3 Rg3
41. Re1 Nf4 42. a3 bxa3 43. Ka2 d4 44. Nc4 Rg2 45. Nxa3 d3 46. Bb7 d2 47. Rd1
Bh5 48. Ra1 Rg4 0-1

[Event "4. Torneo de Promoción de Almansa A"]
[Site "Almansa ESP"]
[Date "2009.08.11"]
[Round "3.2"]
[White "Chueca Forcen, Alberto"]
[Black "Cruz Lledo, Pablo"]
[Result "1-0"]
[WhiteElo "2288"]
[BlackElo "2190"]
[PlyCount "127"]
[EventDate "2009.08.10"]
[EventType "swiss"]
[EventRounds "9"]
[EventCountry "ESP"]
[Source "lmi"]
[SourceDate "2009.08.10"]

1. d4 d5 2. c4 c6 3. Nf3 Nf6 4. Nc3 a6 5. cxd5 cxd5 6. Bg5 e6 7. e3 Bd6 8. Bd3
h6 9. Bh4 O-O 10. Ne5 Nc6 11. f4 Be7 12. O-O Nd7 13. Bxe7 Qxe7 14. Rc1 Ncxe5
15. fxe5 f5 16. Ne2 Nb8 17. Nf4 Nc6 18. Rf3 Qf7 19. Rg3 Kh7 20. Be2 g5 21. Bh5
Qg7 22. Qd3 Rg8 23. Be2 Qe7 24. Nh5 Rg6 25. h4 Bd7 26. Nf6+ Rxf6 27. exf6 Qxf6
28. hxg5 hxg5 29. Rh3+ Kg7 30. Qb3 Rb8 31. Qb6 g4 32. Rh2 Qd8 33. Qxd8 Rxd8 34.
g3 Be8 35. Kf2 Rb8 36. Bd3 Ra8 37. Rc3 Bg6 38. Rb3 Ra7 39. Rb6 Bf7 40. Rh1 Bg6
41. Bc2 Bf7 42. Ba4 Na5 43. b3 Ra8 44. Rc1 Rh8 45. Kg2 Kf6 46. Rc5 Nc6 47. Bxc6
bxc6 48. Rcxc6 f4 49. exf4 Kf5 50. Rxa6 Ke4 51. Ra4 Rh6 52. Rc1 Rh8 53. b4 Kd3
54. Rh1 Rc8 55. Ra3+ Kxd4 56. Rd1+ Ke4 57. Rd2 Rb8 58. Rb3 Rb7 59. b5 d4 60. b6
Kd5 61. Rb4 e5 62. fxe5 Kxe5 63. Rdxd4 Bxa2 64. Rxg4 1-0

[Event "4. Torneo de Promoción de Almansa A"]
[Site "Almansa ESP"]
[Date "2009.08.11"]
[Round "3.3"]
[White "Garcia Munoz, Raul"]
[Black "Serna Lara, Sergio"]
[Result "1/2-1/2"]
[WhiteElo "2110"]
[BlackElo "2234"]
[PlyCount "101"]
[EventDate "2009.08.10"]
[EventType "swiss"]
[EventRounds "9"]
[EventCountry "ESP"]
[Source "lmi"]
[SourceDate "2009.08.10"]

1. d4 d5 2. c4 c6 3. Nc3 Nf6 4. e3 a6 5. Nf3 e6 6. a4 c5 7. cxd5 exd5 8. Be2
Nc6 9. O-O Bd6 10. dxc5 Bxc5 11. Nd4 O-O 12. Bf3 Ne5 13. Nce2 Qe7 14. b3 Ne4
15. Bb2 Rd8 16. Nf4 Ng6 17. Nh5 Ne5 18. Be2 f6 19. Ng3 Nxg3 20. hxg3 Be6 21.
Rc1 Bb6 22. Qd2 Rac8 23. Rxc8 Rxc8 24. Rc1 Rxc1+ 25. Qxc1 Bd7 26. Ba3 Qe8 27.
Qc3 Nc6 28. Bc5 Nxd4 29. Bxd4 Bxd4 30. Qxd4 Bc6 31. Bf3 Qe5 32. a5 Qxd4 33.
exd4 Kf7 34. Kf1 Bb5+ 35. Ke1 Ke6 36. Kd2 Bf1 37. Kc3 f5 38. g4 f4 39. g5 Kd6
40. Kb4 Bd3 41. Bg4 Bf1 42. Bf3 Bd3 43. Bg4 Be4 44. Bh3 Bd3 45. Bg4 Be4 46. f3
Bd3 47. Bh3 Be4 48. Bg4 Bd3 49. Bh3 Bf1 50. Kc3 Kc6 51. b4 1/2-1/2

[Event "4. Torneo de Promoción de Almansa A"]
[Site "Almansa ESP"]
[Date "2009.08.11"]
[Round "3.4"]
[White "O`Neill Y Daneiko, Jose Antonio"]
[Black "Sanchez Saez, Francisco"]
[Result "1/2-1/2"]
[WhiteElo "2071"]
[BlackElo "2183"]
[PlyCount "84"]
[EventDate "2009.08.10"]
[EventType "swiss"]
[EventRounds "9"]
[EventCountry "ESP"]
[Source "lmi"]
[SourceDate "2009.08.10"]

1. e4 c5 2. Nf3 d6 3. d4 cxd4 4. Nxd4 Nf6 5. Nc3 g6 6. Be3 Bg7 7. f3 O-O 8. Qd2
Nc6 9. O-O-O d5 10. exd5 Nxd5 11. Nxc6 bxc6 12. Nxd5 cxd5 13. Qxd5 Qc7 14. Qc5
Qb7 15. b3 Bf5 16. Bd3 Rfc8 17. Qa5 Bxd3 18. Rxd3 Qc6 19. c4 Qf6 20. Bd4 e5 21.
Ba1 Qh4 22. g3 Qh5 23. Rhd1 Re8 24. Qd2 a5 25. f4 a4 26. Kb1 axb3 27. Rxb3 Qf5+
28. Qc2 e4 29. Bxg7 Kxg7 30. Rb5 Qc8 31. Re1 Qc6 32. Re3 Kg8 33. f5 Rab8 34.
fxg6 hxg6 35. Rbb3 Rbd8 36. g4 f5 37. Qxe4 f4 38. Kc2 Rf8 39. Rb7 Qf6 40. Qe7
Qxe7 41. Rbxe7 f3 42. Re1 Rf4 1/2-1/2

[Event "4. Torneo de Promoción de Almansa A"]
[Site "Almansa ESP"]
[Date "2009.08.11"]
[Round "3.5"]
[White "Bravo Barranco, Narciso"]
[Black "Martin Rodriguez, Emilio"]
[Result "0-1"]
[WhiteElo "2263"]
[BlackElo "2079"]
[PlyCount "119"]
[EventDate "2009.08.10"]
[EventType "swiss"]
[EventRounds "9"]
[EventCountry "ESP"]
[Source "lmi"]
[SourceDate "2009.08.10"]

1. e4 c6 2. d4 d5 3. e5 c5 4. dxc5 e6 5. Nf3 Bxc5 6. Bd3 Ne7 7. Nc3 Ng6 8. O-O
Nc6 9. Re1 Bd7 10. a3 a6 11. Bg5 Be7 12. Bxe7 Qxe7 13. Bxg6 fxg6 14. Ne2 O-O
15. Ned4 Rf7 16. Re3 Raf8 17. Qd2 g5 18. h3 h5 19. Rf1 g4 20. Nxc6 bxc6 21. Ne1
c5 22. c4 dxc4 23. Rg3 Bb5 24. Qc3 Rf4 25. Nc2 Qh4 26. Ne3 R8f7 27. hxg4 hxg4
28. Rd1 g6 29. Qa5 Rxf2 30. Rxg4 Qh6 31. Qd8+ Rf8 32. Qe7 R2f7 33. Qxc5 c3 34.
Qxc3 Be2 35. Re1 Bxg4 36. Nxg4 Qh4 37. Nf6+ Kg7 38. Re4 Qg5 39. Rg4 Qf5 40. Rh4
Rxf6 41. exf6+ Rxf6 42. Rc4 e5 43. Rc7+ Kh6 44. Qe3+ g5 45. Rc3 Qf1+ 46. Kh2
Qf4+ 47. Qxf4 gxf4 48. Rc5 Re6 49. b4 Kg5 50. a4 Kg4 51. b5 axb5 52. axb5 e4
53. Kg1 e3 54. Kf1 Rd6 55. Rc1 Kg3 56. Rb1 Rh6 57. Kg1 Rh2 58. b6 Rxg2+ 59. Kh1
f3 60. Ra1 0-1

[Event "4. Torneo de Promoción de Almansa A"]
[Site "Almansa ESP"]
[Date "2009.08.11"]
[Round "3.6"]
[White "Jimenez Martinez, Jose Vicente"]
[Black "Martinez Lopez, David"]
[Result "1/2-1/2"]
[WhiteElo "2235"]
[BlackElo "1989"]
[PlyCount "90"]
[EventDate "2009.08.10"]
[EventType "swiss"]
[EventRounds "9"]
[EventCountry "ESP"]
[Source "lmi"]
[SourceDate "2009.08.10"]

1. d4 e6 2. c4 f5 3. Nc3 Nf6 4. Nf3 d5 5. g3 c6 6. Bg2 Bd6 7. O-O O-O 8. Qc2
Ne4 9. Nd2 Nd7 10. e3 Ndf6 11. f3 Nxc3 12. Qxc3 Re8 13. f4 Bd7 14. c5 Bc7 15.
b4 a5 16. a3 axb4 17. axb4 Rxa1 18. Qxa1 b6 19. Bb2 bxc5 20. bxc5 Ng4 21. Re1
Qa8 22. h3 Nf6 23. Bc3 Rb8 24. Rb1 Rxb1+ 25. Qxb1 Qa4 26. Bf3 Kf7 27. Bd1 Qa6
28. Kf2 Bc8 29. g4 h6 30. gxf5 exf5 31. Bc2 Ne4+ 32. Nxe4 fxe4 33. Qd1 g6 34.
Kg2 Bd7 35. Qe1 Bd8 36. Bd1 h5 37. Kh2 Qd3 38. Bd2 Qa6 39. Be2 Qa2 40. Qd1 Kf8
41. Be1 Ba5 42. Bxa5 Qxa5 43. Bf1 Qc3 44. Qe2 Qc1 45. Kg3 Kf7 1/2-1/2

[Event "4. Torneo de Promoción de Almansa A"]
[Site "Almansa ESP"]
[Date "2009.08.12"]
[Round "4.1"]
[White "Longa Yauca, Javier"]
[Black "Chueca Forcen, Alberto"]
[Result "0-1"]
[WhiteElo "2293"]
[BlackElo "2288"]
[PlyCount "60"]
[EventDate "2009.08.10"]
[EventType "swiss"]
[EventRounds "9"]
[EventCountry "ESP"]
[Source "lmi"]
[SourceDate "2009.08.10"]

1. d4 Nf6 2. c4 e6 3. a3 c5 4. d5 exd5 5. cxd5 d6 6. Nc3 g6 7. e4 Bg7 8. Bb5+
Nbd7 9. Nf3 a6 10. Bd3 b5 11. h3 Nh5 12. O-O O-O 13. g4 Nhf6 14. Bf4 Qc7 15.
Re1 h5 16. e5 dxe5 17. Nxe5 Nxe5 18. Bxe5 Qd7 19. Be2 hxg4 20. hxg4 Nxg4 21.
Bxg7 Kxg7 22. Bf3 Qf5 23. Re4 Nf6 24. Re3 Qg5+ 25. Bg2 Bg4 26. Rg3 Qh4 27. Qd2
Rh8 28. Re1 Rh5 29. d6 Rah8 30. Kf1 Qh1+ 0-1

[Event "4. Torneo de Promoción de Almansa A"]
[Site "Almansa ESP"]
[Date "2009.08.12"]
[Round "4.2"]
[White "Serna Lara, Sergio"]
[Black "O`Neill Y Daneiko, Jose Antonio"]
[Result "1/2-1/2"]
[WhiteElo "2234"]
[BlackElo "2071"]
[PlyCount "54"]
[EventDate "2009.08.10"]
[EventType "swiss"]
[EventRounds "9"]
[EventCountry "ESP"]
[Source "lmi"]
[SourceDate "2009.08.10"]

1. d4 Nf6 2. Nf3 e6 3. g3 d5 4. Bg2 c6 5. c4 dxc4 6. Ne5 Bb4+ 7. Nc3 Nd5 8. Qc2
b5 9. O-O Bb7 10. a4 a6 11. Ne4 Nd7 12. Rd1 Qc7 13. Nxd7 Qxd7 14. Nc5 Bxc5 15.
dxc5 Qe7 16. e4 Nf6 17. b3 cxb3 18. Qxb3 O-O 19. Qc3 Rfd8 20. Bf4 Ne8 21. h4
Rxd1+ 22. Rxd1 Rd8 23. Rxd8 Qxd8 24. Bf1 f6 25. axb5 axb5 26. Qb3 Bc8 27. Bh3
Qe7 1/2-1/2

[Event "4. Torneo de Promoción de Almansa A"]
[Site "Almansa ESP"]
[Date "2009.08.12"]
[Round "4.3"]
[White "Vazquez Torres, Adrian"]
[Black "Garcia Munoz, Raul"]
[Result "1-0"]
[WhiteElo "2149"]
[BlackElo "2110"]
[PlyCount "57"]
[EventDate "2009.08.10"]
[EventType "swiss"]
[EventRounds "9"]
[EventCountry "ESP"]
[Source "lmi"]
[SourceDate "2009.08.10"]

1. e4 e5 2. Nf3 Nc6 3. Bb5 a6 4. Ba4 Nf6 5. d4 exd4 6. Nxd4 Nxe4 7. O-O Nc5 8.
Re1+ Be7 9. Nf5 Ne6 10. Qg4 g6 11. Nxe7 Qxe7 12. Nc3 f5 13. Qg3 O-O 14. Bh6 Rf7
15. Nd5 Qd8 16. Rad1 d6 17. Bb3 Ne5 18. Nf4 Ng4 19. Bxe6 Nxh6 20. Qh3 Qg5 21.
Bxf7+ Kxf7 22. Qb3+ Kg7 23. Qc3+ Kf8 24. Qe3 Nf7 25. Qe8+ Kg7 26. Re7 Qf6 27.
Nd5 Be6 28. Nxf6 Rxe8 29. Nxe8+ 1-0

[Event "4. Torneo de Promoción de Almansa A"]
[Site "Almansa ESP"]
[Date "2009.08.12"]
[Round "4.4"]
[White "Martin Rodriguez, Emilio"]
[Black "Vlashki, Nino"]
[Result "0-1"]
[WhiteElo "2079"]
[BlackElo "2262"]
[PlyCount "64"]
[EventDate "2009.08.10"]
[EventType "swiss"]
[EventRounds "9"]
[EventCountry "ESP"]
[Source "lmi"]
[SourceDate "2009.08.10"]

1. d4 Nf6 2. c4 g6 3. Nc3 Bg7 4. e4 O-O 5. f4 d6 6. Nf3 Bg4 7. Be2 c5 8. d5 e6
9. O-O exd5 10. exd5 Nbd7 11. h3 Bxf3 12. Bxf3 Qb6 13. Qc2 Rae8 14. Bd2 a6 15.
Rae1 Qd8 16. a4 h5 17. g4 hxg4 18. hxg4 Nb6 19. g5 Rxe1 20. Rxe1 Ne8 21. Ne4
Qd7 22. a5 Qh3 23. Bg2 Bd4+ 24. Kf1 Qh2 25. Be3 Nd7 26. Bxd4 cxd4 27. Qd2 f6
28. Nf2 fxg5 29. fxg5 Ne5 30. Qxd4 Ng7 31. Rxe5 dxe5 32. Qg4 Nf5 0-1